Discursos morales para las tres ferias mayores de la Quaresma, con dos sermones de las quarenta horas de Carnestolendas, ...

Detalles Bibliográficos
Autor principal: SILVESTRE, Francisco
Formato: Libro
Publicado: ca. 1681
Materias:
Colección:Banco de datos
Acervo:Biblioteca del Museo de sitio casa de Morelos. Morelia. Michoacán
Tema general:Homilética
Notas:Mala. A4,13.
LEADER 00672nam a22001930004500
035 |a 56995 
036 |a 56 
100 1 |a SILVESTRE, Francisco 
245 1 0 |a Discursos morales para las tres ferias mayores de la Quaresma, con dos sermones de las quarenta horas de Carnestolendas, ... 
260 |c ca. 1681 
500 |a Mala. A4,13. 
650 1 0 |a Homilética 
949 |a C.MOR 
959 |a Museo de Sitio Casa de Morelos. Morelia, Michoacán  |b CCC8 
960 |a Museo de Sitio Casa de Morelos, Michoacán  |b DD91 
961 |a Varias Ordenes Religiosas  |b VO 
942 |c MORELIA 
943 |g Biblioteca del Museo de sitio casa de Morelos. Morelia. Michoacán 
999 |c 974494  |d 974494